| 000 | 00967nam a2200349 a 4500 | ||
|---|---|---|---|
| 003 | AR-BaBNM | ||
| 005 | 20251128210512.0 | ||
| 008 | 082120s2002 ||||||||||||||000 | spa|| | ||
| 020 | _a84-8063-004-3 | ||
| 040 | _cAR-BaBNM | ||
| 100 | 1 | _aCañas Torregosa, José | |
| 245 | 0 | 0 |
_aDidáctica de la expresión dramática _buna aproximación a la dinámica teatral en el aula |
| 250 | _a1ª ed. | ||
| 260 |
_aBarcelona _bEdiciones Octaedro _c1994 |
||
| 300 |
_a305 p. _btablas |
||
| 490 | 0 | _aRecursos | |
| 650 | 4 | _aTEATRO ESCOLAR | |
| 650 | 4 | _aDRAMATIZACION | |
| 650 | 4 | _aENSEÑANZA DE ARTE DRAMATICO | |
| 650 | 4 | _aPSICOMOTRICIDAD | |
| 650 | 4 | _aEXPRESION ORAL | |
| 650 | 4 | _aJUEGO | |
| 650 | 4 | _aTECNICAS DIDACTICAS | |
| 653 | _aEXPRESION CORPORAL | ||
| 653 | _aMETODOS EDUCATIVOS | ||
| 653 | _aTITERES | ||
| 653 | _aEDUCACION INICIAL | ||
| 653 | _aEDUCACION GENERAL BASICA | ||
| 653 | _aEDUCACION POLIMODAL | ||
| 942 | _cBK | ||
| 998 | _cRAQUEL | ||
| 999 |
_c15710 _d15710 |
||